100 Dessins animés des années 2000-2010 [Intermédiaire] - Statistiques

Statistiques générales
  • Ce quiz a été pris 781 fois
  • Le résultat moyen est 24 sur 100
Statistiques - réponses
Par images Réponse % Correct
La Panthère rose
94%
Les Aventures de Tintin
92%
Tom & Jerry
91%
Maya l'Abeille
86%
titi et grosminet
75%
South Park
74%
La Bande à Picsou
73%
Ninjago
73%
Le Petit Nicolas
70%
Shaun le mouton
70%
Les As de la jungle
67%
Les Schtroumpfs
65%
Beyblade
61%
Futurama
60%
Shuriken School
60%
Hamtaro
58%
La Ferme en folie
57%
Adventure Time
54%
Mes amis Tigrou et Winnie
54%
Teen Titans Go!
53%
Rekkit
51%
les Griffins
48%
Kangoo Juniors
45%
La Famille Delajungle
45%
Sally Bollywood
45%
Monster Buster Club
44%
Docteur La Peluche
42%
Bouba
41%
Zou
41%
Didou, dessine-moi
40%
Linus et Boom
32%
Mia et moi
30%
Digimon
28%
Magical DoRéMi
24%
Star Wars: The Clone Wars
22%
Robotboy
21%
W.I.T.C.H.
21%
Jake et les Pirates du Pays imaginaire
20%
Captain Biceps
19%
Gawayn
19%
Kilari
19%
Redakai
18%
Les Grandes Grandes Vacances
17%
Adibou : Aventure
16%
Regular Show
16%
Simsala Grimm
14%
Chuggington
12%
Pépin Troispommes
12%
Mew Mew Power
10%
Princesse Shéhérazade
10%
Creepie
9%
Funky Cops
9%
Grojband
9%
64, rue du Zoo
8%
Petite Princesse
8%
Team Galaxy
8%
Valérian et Laureline
8%
Bubulle Guppies
7%
Fifi et ses floramis
7%
Jewelpet
7%
Kika et Bob
7%
Tracteur Tom
7%
Jacob Jacob
6%
Hôpital Hilltop
5%
Keroro
5%
Monster Allergy
5%
Ozie Boo !
5%
Atout 5
4%
Danny et Daddy
4%
Huntik
4%
La Famille Berenstain
4%
Le Petit Royaume de Ben et Holly
4%
Le Royaume des couleurs
4%
Charlie et Lola
3%
Eliot Kid
3%
Georges Rétrécit
3%
Harry et ses dinosaures
3%
Les Voyages de Balthazar
3%
Oswald la pieuvre
3%
Wow! Wow! Wubbzy!
3%
Engie Benjy
2%
Foster, la maison des amis imaginaires
2%
Le Petit Roi Macius
2%
Les Nouvelles Aventures de Blinky Bill
2%
Ōban, Star-Racers
2%
Plouf Olly Plouf !
2%
Pororo
2%
Princesses des Mers
2%
Redwall | Rougemuraille
2%
Super Tom et les Motamots
2%
Toupie et Binou
2%
Yin Yang Yo!
2%
Zorori le magnifique
2%
Ava, Riko, Téo
1%
Dragon Booster
1%
Flatmania
1%
Glurp Attack
1%
Pablo le petit renard rouge
1%
Pecola
1%
TUFF Puppy
1%
Aucun quiz correspondant
Distribution des résultats
% des personnes avec chaque résultat
Percentile par nombre de réponses
Votre historique - résultats
Vous n’avez pas pris ce quiz